Lyrics to 'Amor Con Hielo' by Morat - Statistics

General Stats
  • This quiz has been taken 45 times
  • The average score is 268 of 275
Answer Stats
Answer % Correct
a
100%
al
100%
amor
100%
aunque
100%
barco
100%
beso
100%
boca
100%
cobrarme
100%
con
100%
De
100%
de
100%
debo
100%
despedida
100%
dolo
100%
dolor
100%
el
100%
en
100%
entendí
100%
es
100%
espero
100%
estación
100%
este
100%
extrañé
100%
final
100%
gana
100%
guerra
100%
ha
100%
hay
100%
hielo
100%
hundió
100%
la
100%
me
100%
murió
100%
nada
100%
No
100%
no
100%
nombre
100%
nunca
100%
olvidé
100%
olvide
100%
Otra
100%
pagan
100%
pasado
100%
pegó
100%
perro
100%
porque
100%
Porque
100%
primera
100%
primero
100%
prueba
100%
que
100%
Que
100%
quien
100%
quiero
100%
recuerdo
100%
robó
100%
Saltaste
100%
se
100%
Se
100%
siempre
100%
siendo
100%
sigues
100%
Tan
100%
tanto
100%
te
100%
tiempo
100%
Todo
100%
todo
100%
100%
100%
tu
100%
ú
100%
un
100%
vale
100%
vengas
100%
y
100%
Y
100%
ya
100%
Ya
100%
Yo
100%
yo
100%
ahogaste
86%
aquí
86%
Así
86%
buena
86%
cambien
86%
corazón
86%
Dejando
86%
del
86%
dices
86%
doliera
86%
eres
86%
esa
86%
eso
86%
hiciste
86%
intenté
86%
juré
86%
jure
86%
las
86%
llevó
86%
lo
86%
Lo
86%
mi
86%
perdió
86%
quedé
86%
quiebra
86%
rompiendo
86%
salvar
86%
sin
86%
sirenas
86%
bien
71%
escondido
71%
quedó
71%
victorias
71%
guardé
57%
No matching quizzes found
Score Distribution
Percent of People with Each Score
Percentile by Number Answered
Your Score History
You have not taken this quiz